Abraham Lincoln papers, (Record no. 42927)
[ view plain ]
| 000 -LEADER | |
|---|---|
| fixed length control field | 01177cpcaa2200277 a 4500 |
| 001 - CONTROL NUMBER | |
| control field | mm 80065455 |
| 003 - CONTROL NUMBER IDENTIFIER | |
| control field | DLC |
| 005 - DATE AND TIME OF LATEST TRANSACTION | |
| control field | 20260227111705.0 |
| 008 - FIXED-LENGTH DATA ELEMENTS--GENERAL INFORMATION | |
| fixed length control field | 810119|||||||||||| eng |
| 010 ## - LIBRARY OF CONGRESS CONTROL NUMBER | |
| LC control number | mm 80065455 |
| 040 ## - CATALOGING SOURCE | |
| Original cataloging agency | DLC |
| Transcribing agency | DLC |
| Modifying agency | DLC |
| Description conventions | dacs |
| 072 #7 - SUBJECT CATEGORY CODE | |
| Subject category code | W |
| Source | lcmd |
| 100 1# - MAIN ENTRY--PERSONAL NAME | |
| Personal name | Lincoln, Abraham, |
| Dates associated with a name | 1809-1865. |
| 245 00 - TITLE STATEMENT | |
| Title | Abraham Lincoln papers, |
| Inclusive dates | 1832-1865. |
| 300 ## - PHYSICAL DESCRIPTION | |
| Extent | 250 |
| Type of unit | items. |
| 300 ## - PHYSICAL DESCRIPTION | |
| Extent | 1 |
| Type of unit | microfilm reel. |
| 506 0# - RESTRICTIONS ON ACCESS NOTE | |
| Terms governing access | Open to research. |
| 520 8# - SUMMARY, ETC. | |
| Summary, etc. | Correspondence, speeches, and articles. Includes letters received by William H. Herndon, Lincoln's law partner and biographer, regarding Lincoln. |
| 533 ## - REPRODUCTION NOTE | |
| Type of reproduction | Microfilm of originals in the Henry E. Huntington Library, San Marino, Calif. |
| Place of reproduction | [S.l.]. |
| 535 1# - LOCATION OF ORIGINALS/DUPLICATES NOTE | |
| Custodian | Henry E. Huntington Library, |
| Postal address | San Marino, CA |
| 545 0# - BIOGRAPHICAL OR HISTORICAL DATA | |
| Biographical or historical data | U.S. president and representative, abolitionist, lawyer, and state legislator from Illinois. |
| 600 10 - SUBJECT ADDED ENTRY--PERSONAL NAME | |
| Personal name | Herndon, William Henry, |
| Dates associated with a name | 1818-1891 |
| Form subdivision | Correspondence. |
| 656 #7 - INDEX TERM--OCCUPATION | |
| Occupation | Presidents |
| Geographic subdivision | United States. |
| Source of term | itoamc |
No items available.